Nghiên cứu phân lập, xác định cấu trúc và thử hoạt tính sinh học của một số dịch chiết lá cây kim giao núi bất

Nghiên cứu phân lập, xác định cấu trúc và thử hoạt tính sinh học của một số dịch chiết lá cây kim giao núi bất

محفوظ في:
التفاصيل البيبلوغرافية
المؤلف الرئيسي: Văn Quốc Hoàng
مؤلفون آخرون: Giang Thị kim Liên TS. (Hướng dẫn)
التنسيق: كتاب
اللغة:Vietnamese
منشور في: Đà Nẵng Đại học Đà Nẵng 2015
الموضوعات:
الوسوم: إضافة وسم
لا توجد وسوم, كن أول من يضع وسما على هذه التسجيلة!
Thư viện lưu trữ: Mạng thư viện Đại học Đà Nẵng
LEADER 01629nam a2200349 4500
001 000023822
003 20275
005 20160329090349.0
008 160315s2015 viesd
041 |a vie 
082 1 4 |a 660.63  |b VĂ-H 
100 1 |a Văn Quốc Hoàng 
245 1 |a Nghiên cứu phân lập, xác định cấu trúc và thử hoạt tính sinh học của một số dịch chiết lá cây kim giao núi bất  |c Văn Quốc Hoàng ; Giang Thị Kim Liên hướng dẫn.  |k Luận văn Thạc sĩ 
260 |a Đà Nẵng  |b Đại học Đà Nẵng  |c 2015 
300 |a 69 tr. ; phụ lục 3 tr.  |c 29 cm.  |e Tóm tắt 
500 |a Luận văn thạc sĩ Khoa học. Chuyên ngành: Hóa hữu cơ. Mã số: 60.44.01.14 
520 3 |a Nghiên cứu phân lập, xác định cấu trúc và thử hoạt tính sinh học của một số dịch chiết lá cây kim giao núi bất 
650 0 4 |a Cây kim giao  |v Luận văn tốt nghiệp  |x Hoạt tính sinh học  |x Nghiên cứu 
653 |a Cây kim giao 
653 |a Hoạt tính sinh học 
653 |a Hóa hữu cơ 
700 1 |a Giang Thị kim Liên  |c TS.  |e Hướng dẫn 
OWN |a LSP 
AVA |a UDN50  |b LSP  |d 660.63 VĂ-H  |e available  |t Error 5001 Not defined in file expand_doc_bib_avail.  |f 1  |g 0  |h N  |i 0  |k 1 
999 |a From the UDN01 
AVA |a UDN50  |b LSP  |d 660.63 VĂ-H  |e available  |t Error 5001 Not defined in file expand_doc_bib_avail.  |f 1  |g 0  |h N  |i 0  |k 1 
TYP |a Monograph 
TYP |a Printed language 
980 |a Mạng thư viện Đại học Đà Nẵng